Respiratory metabolism in plants /
Guardado en:
| Autor Principal: | |
|---|---|
| Formato: | Libro |
| Idioma: | English |
| Publicado: |
Evanston, Ill. :
Row, Peterson,
[1961]
|
| Series: | Row-Peterson biological monographs ;
2 |
| Etiquetas: |
Agregar Etiqueta
Sin Etiquetas, Sea el primero en etiquetar este registro!
|
| LEADER | 00479nam a22001455a 4500 | ||
|---|---|---|---|
| 001 | EEA.libagro005296 | ||
| 005 | 20180912124458.0 | ||
| 008 | 130809s1961####xxua##########000#0#eng#d | ||
| 082 | 0 | 4 | |a 581.12 |
| 100 | 1 | |a Beevers, Harry. | |
| 245 | 1 | 0 | |a Respiratory metabolism in plants / |c Harry Beevers. |
| 260 | |a Evanston, Ill. : |b Row, Peterson, |c [1961] | ||
| 300 | |a 232 p. : |b il. ; |c 21 cm. | ||
| 490 | 1 | |a Row-Peterson biological monographs ; |v 2 | |
| 859 | |a AR-BbBCA |b BIB. AGRONOMIA |h 581.12 |i B415 |p 1996/2569 | ||
